000 00791nab a22002417a 4500
001 22098
003 HDC
007 cr bn ---aaaaa
008 210128c20180829my ||||| |||| 00| 0 may d
040 _aHDC
100 _aAhmad Ismail,
_cProf Dr
_eauthor
_919270
245 0 _aSyor pusat penternakan ruminan untuk ibadat korban /
_cProf Dr Ahmad Ismail
336 _atext
_2rdacontent
337 _acomputer
_2rdamedia
338 _aonline resource
_2rdacarrier
650 _aAgriculture
_91238
650 _aIslamic law
_9590
710 _aBerita Harian
856 _zRequest full-text at [email protected]
942 _2lcc
942 _cNEWS
942 _kNWSC 006475
999 _c19414
_d19414